Akcie a riziká spojené s ich držaním

Pojem akcia a jej vlastnosti. Cieľ vydávania akcií. Kurz akcie. Cyklické a defenzívne akcie.

Enregistré dans:
Détails bibliographiques
Auteur principal: Izakovič, Ondrej
Format: Chapitre de livre
Langue:slovaque
Sujets:
Tags: Ajouter un tag
Pas de tags, Soyez le premier à ajouter un tag!

MARC

LEADER 00000naa$a2200000$$$4500
001 0073932
005 20230908095138.8
041 0 |a slo 
044 |a SK 
245 1 0 |a Akcie a riziká spojené s ich držaním  |c Ondrej Izakovič 
520 |a Pojem akcia a jej vlastnosti. Cieľ vydávania akcií. Kurz akcie. Cyklické a defenzívne akcie. 
610 2 0 |a akcie 
610 2 0 |a riziko 
610 2 0 |a kurz burzový 
610 2 0 |a sadzby úrokové 
100 1 |a Izakovič, Ondrej